000 00493nam a2200193Ia 4500
008 140306s9999 xx 000 0 und d
020 _a590442627
050 _aPZ 7
_b.B7633 1989
100 _aBridwell, Norman
245 _aClifford's puppy days /
_cNorman Bridwell.
260 _aNew York :
_bScholastic Inc.,
_cc1989.
300 _bcol. Ill. ;
_c19 cm.
521 _aG2
526 _c480
650 _aDogs
_xFiction.
650 _aSize
_xFiction.
942 _cBK
999 _c42845
_d42845